书目信息 |
| 题名: |
伦理学
|
|
| 作者: | 罗国杰 | |
| 分册: | ||
| 出版信息: | 北京 人民出版社 1989 |
|
| 页数: | 478 | |
| 开本: | 20cm | |
| 丛书名: | ||
| 单 册: | ||
| 中图分类: | B0 | |
| 科图分类: | ||
| 主题词: | 哲学理论 | |
| 电子资源: | ||
| ISBN: | ||
| 000 | 00456nam0 2200181 450 | |
| 001 | 0757995392 | |
| 005 | 20071007160635.39 | |
| 010 | @b7-01-000387-4 | |
| 100 | @a20071007d km y0chiy0120 ea | |
| 101 | 0 | @achi |
| 200 | 1 | @a伦理学@Alun li xue@f罗国杰@Fluo guo jie |
| 210 | @a北京@c人民出版社@d1989 | |
| 215 | @a478@d20cm | |
| 606 | 0 | @a哲学理论 |
| 690 | @aB0@v3 | |
| 701 | 0 | @a罗国杰@Aluo guo jie |
| 801 | 0 | @aCN@bPFT@c20071007 |
| 905 | @a213230@dB0@ea165@f1 | |
| 伦理学/罗国杰.-北京:人民出版社,1989 |
| 478;20cm |
| ISBN (7-01-000387-4): |
| ● |
| 相关链接 |
|
|
|
|
正题名:伦理学
索取号:B0/a165
 
预约/预借
| 序号 | 登录号 | 条形码 | 馆藏地/架位号 | 状态 | 备注 |
| 1 | 7508461 | 275084613 | 史法系资料室/ [索取号:B0/a165] | 在馆 |